Pays d'Europe par image - Statistiques

Statistiques générales
  • Ce quiz a été pris 168 fois
  • Le résultat moyen est 29 sur 46
Statistiques - réponses
Par images Réponse % Correct
France
97%
Grèce
94%
Espagne
93%
Belgique
89%
Royaume-Uni
89%
Russie
86%
Danemark
84%
Irlande
81%
Italie
80%
Monaco
77%
Finlande
73%
Pays-Bas
73%
Allemagne
72%
Norvège
70%
Islande
69%
Suisse
69%
Vatican
64%
Hongrie
62%
Portugal
61%
République tchèque
60%
Autriche
58%
Turquie
58%
Roumanie
57%
Suède
57%
Pologne
55%
Croatie
54%
Lettonie
53%
Lituanie
53%
Slovénie
53%
Andorre
52%
Bulgarie
52%
Slovaquie
52%
Estonie
51%
Liechtenstein
50%
Luxembourg
50%
Montenegro
50%
Malte
49%
Albanie
47%
Moldavie
47%
Bosnie-Herzégovine
46%
Macédoine du nord
46%
Saint-Marin
46%
Ukraine
46%
Biélorussie
45%
Kosovo
45%
Serbie
43%
Aucun quiz correspondant
Distribution des résultats
% des personnes avec chaque résultat
Percentile par nombre de réponses
Votre historique - résultats
Vous n’avez pas pris ce quiz